000 00502pab a2200181 454500
008 180718b2002 xxu||||| |||| 00| 0 eng d
100 _aGurulingaiah, M.
245 _aRole of NGO in empowerment of tribal women in Karnataka
260 _c2002
300 _ap.30-33.
362 _aDec
650 _aWomen - India - Karnataka
650 _aNongovernmental organizations - India - Karnataka
650 _aTribes - India - Karnataka
650 _aTribes
773 _aKurukshetra
909 _a54665
999 _c54665
_d54665